Estadística aplicada a los negocios y la economía
Shranjeno v:
| Main Authors: | , , |
|---|---|
| Format: | Knjiga |
| Jezik: | španščina |
| Izdano: |
Ciudad de México
McGraw-Hill
2012
|
| Izdaja: | 4a. ed |
| Teme: | |
| Oznake: |
Označite
Brez oznak, prvi označite!
|
MARC
| LEADER | 00000cam a2200000 a 4500 | ||
|---|---|---|---|
| 001 | UCF7635 | ||
| 003 | CL-VaPUC | ||
| 008 | 130704e20120000MX |||||||||||||||||spa|d | ||
| 020 | |a 9786071507426 | ||
| 082 | 0 | 4 | |a 330.015195 |b LIN |2 21 |
| 100 | |a Lind, Douglas A. |e autor |9 569711 | ||
| 700 | 0 | |a Marchal, William G |e author |9 569712 | |
| 700 | 0 | |a Wathen, Samuel A |e author |9 569713 | |
| 245 | 1 | 0 | |a Estadística aplicada a los negocios y la economía |
| 250 | |a 4a. ed | ||
| 300 | |a 856 p | ||
| 942 | |c BK | ||
| 945 | |d 20130704 00:00:00 |a cmena | ||
| 260 | |a Ciudad de México |b McGraw-Hill |c 2012 | ||
| 650 | 0 | |a Economía |9 255568 | |
| 650 | 0 | |a Estadística aplicada |9 270522 | |
| 650 | 0 | |a Análisis estadístico |9 269506 | |
| 650 | 0 | |a Teoría de probabilidades |9 336944 | |
| 583 | |a last modification |c 20130704 11:43:00 |k Rodrigo Vera | ||
| 999 | |c 352443 |d 352441 | ||